CUNNINGHAMS MANNUAL OF PRACTICAL ANATOMY (Record no. 3974)

MARC details
000 -LEADER
fixed length control field 00368nam a2200145Ia 4500
008 - FIXED-LENGTH DATA ELEMENTS--GENERAL INFORMATION
fixed length control field 150201s2005 xx 000 0 und d
082 ## - DEWEY DECIMAL CLASSIFICATION NUMBER
Classification number 611
Item number C2005R
100 ## - MAIN ENTRY--PERSONAL NAME
Personal name ROMANES G.J.
245 ## - TITLE STATEMENT
Title CUNNINGHAMS MANNUAL OF PRACTICAL ANATOMY
250 ## - EDITION STATEMENT
Edition statement 5TH
260 ## - PUBLICATION, DISTRIBUTION, ETC. (IMPRINT)
Name of publisher, distributor, etc. OXFORD MEDICAL PUBLICATIONS
Place of publication, distribution, etc. OXFORD
Date of publication, distribution, etc. 2005
300 ## - PHYSICAL DESCRIPTION
Extent 1-263
650 ## - SUBJECT ADDED ENTRY--TOPICAL TERM
Topical term or geographic name as entry element ANATOMY
942 ## - ADDED ENTRY ELEMENTS (KOHA)
Source of classification or shelving scheme Dewey Decimal Classification
Koha item type Books
Holdings
Withdrawn status Lost status Source of classification or shelving scheme Damaged status Not for loan Home library Current library Date acquired Source of acquisition Cost, normal purchase price Serial Enumeration / chronology SGTU Bill Number Total Checkouts Full call number Barcode Date last seen Bill Date Koha item type Date last checked out
    Dewey Decimal Classification     SGT Dental Library SGT Dental Library 18/02/2008 U.B.S.DELHI 410.00 1 SGTU 1023   611 C2005R FD5038 09/02/2015 14/01/2013 Books  
    Dewey Decimal Classification     SGT Dental Library SGT Dental Library 18/02/2008 U.B.S.DELHI 410.00 1 SGTU 1023   611 C2005R FD5039 09/02/2015 14/01/2013 Books  
    Dewey Decimal Classification     SGT Dental Library SGT Dental Library 18/02/2008 U.B.S.DELHI 410.00 1 SGTU 1023   611 C2005R FD5040 09/02/2015 14/01/2013 Books  
    Dewey Decimal Classification     SGT Dental Library SGT Dental Library 18/02/2008 U.B.S.DELHI 410.00 1 SGTU 1023   611 C2005R FD5041 09/02/2015 14/01/2013 Books  
    Dewey Decimal Classification     SGT Dental Library SGT Dental Library 18/02/2008 U.B.S.DELHI 410.00 1 SGTU 1023   611 C2005R FD5042 09/02/2015 14/01/2013 Books  
    Dewey Decimal Classification     SGT Dental Library SGT Dental Library 18/02/2008 U.B.S.DELHI 410.00 1 SGTU 1023 1 611 C2005R FD5043 03/03/2017 14/01/2013 Books 07/02/2017